| 000 | 00404cam a2200169ua 4500 | ||
|---|---|---|---|
| 020 | _c1.25 | ||
| 041 |
_amal _h |
||
| 082 |
_a894.81209 _bSUR/MA |
||
| 100 | _aSurendran, K . | ||
| 245 |
_aMahatsannidhikal / _cK.Surendran. _hTextual Documents |
||
| 260 |
_aKottayam : _bNational Book Stall , _c1954. |
||
| 300 | _a154 ; . | ||
| 365 | _a1.25 | ||
| 504 | _a | ||
| 942 | _cBK | ||
| 999 |
_c6632 _d6632 |
||